كتاب قطايف اللطايف / Kitāb Qaṭāyif al-laṭāyif

محفوظ في:

المؤلف الرئيسي: Rawzā Ṣāḥib.

التنسيق: كتاب

اللغة: Undetermined

منشور في: Cairo not identified 1889

الوسوم: إضافة وسم

لا توجد وسوم, كن أول من يضع وسما على هذه التسجيلة!

رقم الطلب: (R)P10 QATA

LEADER 00372nam a2200121Ia 4500
008 240404s9999||||xx |||||||||||||| ||und||
050 4 |a (R)P10 QATA 
100 1 |a Rawzā Ṣāḥib. 
245 1 0 |a كتاب قطايف اللطايف / Kitāb Qaṭāyif al-laṭāyif   |c Rawzā Ṣāḥib 
264 1 |a Cairo  |b not identified  |c 1889 
300 |a volumes  |c 24 
942 |2 lcc  |c BK 
999 |c 58011  |d 58011